Temor y temblor

El autor, incide, a partir de la historia bíblica de Abraham y su hijo Isaac, en el tema del donjuán, ese seductor que se sueña a sí mismo como un héroe trágico que no puede faltar a su propio destino

Salvato in:
Dettagli Bibliografici
Autore principale: Kierkegaad, Soren
Natura: Libro
Lingua:Spanish
Pubblicazione: Barcelona: Editorial Labor S.A., 1992
Edizione:2 ed.
Serie:Colección labor; No.23
Soggetti:
Accesso online:Enlace del recurso
Tags: Aggiungi Tag
Nessun Tag, puoi essere il primo ad aggiungerne! !

MARC

LEADER 00000nam a2200000 a 4500
001 001362
008 030902s1992 sp # fr# #000|0#spa#d
020 |a 84-335-3523-4 
041 0 |a spa 
043 |a e-sp--- 
082 0 4 |a 198.9  |b K326t 
100 1 |a Kierkegaad, Soren 
245 1 0 |a Temor y temblor   |c Soren Kierkegaad 
250 |a 2 ed. 
260 |a Barcelona:  |b Editorial Labor S.A.,  |c 1992 
300 |a 164 p. 
440 0 |a Colección labor;  |v No.23 
520 3 |a El autor, incide, a partir de la historia bíblica de Abraham y su hijo Isaac, en el tema del donjuán, ese seductor que se sueña a sí mismo como un héroe trágico que no puede faltar a su propio destino  
650 1 4 |a ESTÉTICA 
650 1 4 |a ÉTICA 
999 |c 3514  |d 3514 
856 |u https://catalogo.idep.edu.co/cgi-bin/koha/opac-detail.pl?biblionumber=3514  |z Enlace del recurso